00449nam a2200181Ia 4500003000400000005001700004008004100021040000700062041000900069082001600078100004700094245002900141260004400170300001100214365001200225650001500237650001500252OSt20250917100749.0210719s1974 xx 000 0 und d cAL aTulu aT894.2 RAVK aRAV (P S)dರಾವ್ (ಪಿ ಎಸ್) aKesarbಕೆಸರ್  aMangalurubSahodara Kala Vranda.,c1974 a76bPB b2.5cRs aTulu Drama aTulu Drama